01126nam a2200301Ia 4500001001200000003000800012006001900020007001500039008004100054010001700095020003800112040002100150035002100171050002700192100002600219245008000245260004300325300002500368490003400393500002000427533015200447650002100599650001500620655002900635710001700664856012600681999001700807ebr10307548CaPaEBRm u cr cn|||||||||080822s2009 inua s 001 0 eng d z 2008037282 z9780470385494 (978-0-470-38549-4) aCaPaEBRcCaPaEBR a(OCoLC)42948177814aQA76.9.D26bS97 2009eb1 aStephens, Rod,d1961-10aBeginning database design solutionsh[electronic resource] /cRod Stephens. aIndianapolis, IN :bWiley Pub.,c2009. axxii, 510 p. :bill.0 aWrox programmer to programmer aIncludes index. aElectronic reproduction.bPalo Alto, Calif. :cebrary,d2013.nAvailable via World Wide Web.nAccess may be limited to ebrary affiliated libraries. 0aDatabase design. 0aDatabases. 7aElectronic books.2local2 aebrary, Inc.40uhttp://site.ebrary.com/lib/rucke/Doc?id=10307548zAn electronic book accessible through the World Wide Web; click to view c61172d61172